000 00431nam a2200181Ia 4500
005 20240823010739.0
008 240823s9999||||xx |||||||||||||| ||und||
041 _aENGLISH
082 _A621.30287 P0
100 _aBechwith [et al]
245 0 _aMechanical Measurements
250 _a5th
260 _c2000
_b"AWP,England"
500 _aYES
650 _aMechanical Measurement
_bMechanical
942 _cBK
999 _c159534
_d159534